ပပ်ႉထမ်ႇမၸၵျႃႇ လင်ႇၵႃႇၽၢႆႇတႆး / (Record no. 25747)
[ view plain ]
| 000 -LEADER | |
|---|---|
| fixed length control field | 00857nam a22002297a 4500 |
| 003 - CONTROL NUMBER IDENTIFIER | |
| control field | OSt |
| 005 - DATE AND TIME OF LATEST TRANSACTION | |
| control field | 20260220155332.0 |
| 008 - FIXED-LENGTH DATA ELEMENTS--GENERAL INFORMATION | |
| fixed length control field | 230615b ||||| |||| 00| 0 eng d |
| 040 ## - CATALOGING SOURCE | |
| Transcribing agency | SSBUL |
| 041 ## - LANGUAGE CODE | |
| Language code of text/sound track or separate title | Shan |
| 082 ## - DEWEY DECIMAL CLASSIFICATION NUMBER | |
| Edition number | 23 |
| Classification number | 294.3368 |
| 100 0# - MAIN ENTRY--PERSONAL NAME | |
| Personal name | ပၺႃႇၼၼ်ႇတ(လွႆလႅမ်)၊ |
| Titles and words associated with a name | ၸဝ်ႈသြႃႇ။ |
| 245 10 - TITLE STATEMENT | |
| Title | ပပ်ႉထမ်ႇမၸၵျႃႇ လင်ႇၵႃႇၽၢႆႇတႆး / |
| Statement of responsibility, etc. | ၸဝ်ႈသြႃႇ ပၺႃႇၼၼ်ႇတ(လွႆလႅမ်)။ |
| 260 ## - PUBLICATION, DISTRIBUTION, ETC. | |
| Place of publication, distribution, etc. | တႃႈၵုင်ႈ၊ |
| Name of publisher, distributor, etc. | ဢေး၊ |
| Date of publication, distribution, etc. | 2013 ။ |
| 300 ## - PHYSICAL DESCRIPTION | |
| Extent | III, 124 ၼႃႈ၊ |
| Dimensions | 21 ၸိၼ်ႇတီႇ။ |
| 500 ## - GENERAL NOTE | |
| General note | S-SAT: Dr. Prof Sai Aung Tun |
| 650 ## - SUBJECT ADDED ENTRY--TOPICAL TERM | |
| Topical term or geographic name entry element | ဝွၵ်း - ပုတ်ႉထၽႃႇသႃႇ |
| 942 ## - ADDED ENTRY ELEMENTS (KOHA) | |
| Koha item type | Books (Long term) |
| 100 0# - MAIN ENTRY--PERSONAL NAME | |
| 9 (RLIN) | 25923 |
| 650 ## - SUBJECT ADDED ENTRY--TOPICAL TERM | |
| 9 (RLIN) | 24567 |
| Source of classification or shelving scheme | |
| Source of classification or shelving scheme | |
| Source of classification or shelving scheme | |
| Withdrawn status | Lost status | Source of classification or shelving scheme | Damaged status | Not for loan | Collection Code | Permanent Location | Current Location | Shelving location | Date acquired | Total Checkouts | Full call number | Barcode | Date last seen | Date last checked out | Price effective from | Koha item type | Accession |
|---|---|---|---|---|---|---|---|---|---|---|---|---|---|---|---|---|---|
| Tai Collection | Shan State Buddhist University Library | Shan State Buddhist University Library | Tai Shelves | 15/06/2023 | 3 | 294.3368 ပ ႑႓႖႘(1) | SH00001368 | 12/01/2026 | 27/12/2025 | 15/06/2023 | Books (Long term) | ႑႓႖႘(1) | |||||
| Tai Collection | Shan State Buddhist University Library | Shan State Buddhist University Library | Tai Shelves | 15/06/2023 | 294.3368 ပ ႑႓႖႙(2) | SH00001369 | 15/06/2023 | 15/06/2023 | Books (Long term) | ႑႓႖႙(2) | |||||||
| Tai Collection | Shan State Buddhist University Library | Shan State Buddhist University Library | Tai Shelves | 15/06/2023 | 294.3368 ပ ႑႓႗႐(3) | SH00001370 | 15/06/2023 | 15/06/2023 | Books (Long term) | ႑႓႗႐(3) | |||||||
| Tai Collection | Shan State Buddhist University Library | Shan State Buddhist University Library | Tai Shelves | 15/06/2023 | 294.3368 ပ ႑႓႗႑(4) | SH00001371 | 15/06/2023 | 15/06/2023 | Books (Long term) | ႑႓႗႑(4) | |||||||
| Tai Collection | Shan State Buddhist University Library | Shan State Buddhist University Library | Tai Shelves | 15/06/2023 | 294.3368 ပ ႑႓႖႐(5) | SH00001360 | 15/06/2023 | 15/06/2023 | Books (Long term) | ႑႓႖႐(5) | |||||||
| Tai Collection | Shan State Buddhist University Library | Shan State Buddhist University Library | Tai Shelves | 15/06/2023 | 2 | 294.3368 ပ ႒႑႕(6) | SH00000215 | 29/12/2025 | 13/12/2025 | 15/06/2023 | Books (Long term) | ႒႑႕(6) | |||||
| Tai Collection | Shan State Buddhist University Library | Shan State Buddhist University Library | Tai Shelves | 15/06/2023 | 294.3368 ပ ႓႐႙႒(7) | SH00003092 | 15/06/2023 | 15/06/2023 | Books (Long term) | ႓႐႙႒(7) | |||||||
| Tai Collection | Shan State Buddhist University Library | Shan State Buddhist University Library | Tai Shelves | 15/06/2023 | 294.3368 ပ ႓႐႙႓(8) | SH00003093 | 15/06/2023 | 15/06/2023 | Books (Long term) | ႓႐႙႓(8) | |||||||
| Tai Collection | Shan State Buddhist University Library | Shan State Buddhist University Library | Tai Shelves | 15/06/2023 | 294.3368 ပ ႒႔႙႑S-SAT | SH00002491 | 15/06/2023 | 15/06/2023 | Books (Long term) | ႒႔႙႑S-SAT |